Brand Logos That Start with T - Statistics

General Stats
  • This quiz has been taken 45,372 times
    44,454 since last reset
  • The average score is 14 of 20
Answer Stats
Picture Answer % Correct
Tesla
97%
TikTok
97%
Toyota
97%
Taco Bell
96%
Twix
96%
Target
93%
Tommy Hilfiger
85%
Toys "R" Us
82%
T-Mobile
78%
Tiffany & Co.
76%
Tesco
68%
Tide
63%
Toblerone
63%
Tabasco
61%
Timberland
53%
Tim Hortons
50%
Tostitos
41%
Texaco
40%
Tissot
27%
Turkish Airlines
26%
No matching quizzes found
Score Distribution
Percent of People with Each Score
Percentile by Number Answered
Your Score History
You have not taken this quiz since the last reset